| 000 | 00756cam a2200205 a 4500 | ||
|---|---|---|---|
| 001 | 000005961 | ||
| 005 | 20200929151848.0 | ||
| 008 | 920727s1987 mx a b 000 0 spa | ||
| 040 |
_aDO-SdBNP _cDLC |
||
| 082 |
_a972.85053 _bA481s |
||
| 100 | 1 |
_aAmador, Armando. _916796 |
|
| 245 | 1 | 0 |
_aSandino y la derrota militar de Estados Unidos en Nicaragua / _cArmando Amador. |
| 260 |
_aMéxico : _bFederación Editorial Mexicana, _c1987. |
||
| 300 |
_a155 p. : _bil. ; _c21 cm. |
||
| 504 | _aIncluye referencias bibliográficas: p. 153-155) | ||
| 651 | 4 |
_aNicaragua _xHistoria _y1909-1937. _916797 |
|
| 651 | 4 |
_aNicaragua _xRelaciones Con _zEstados Unidos _916798 |
|
| 651 | 4 |
_aEstados Unidos _xRelaciones Con _zNicaragua _916799 |
|
| 910 | _aCatalogación por copia / LC | ||
| 999 |
_c5757 _d5757 |
||